000 00968cam a2200289 4500
008 090401t1996 xxu||||| |||| 00| 0 eng d
020 _a1858110998
035 _a(Sirsi) u26951
041 _aeng
050 _a692.8
100 _aNewman, Paul
245 _aConstruction litigation tactics
260 _aBirmingham
_bCLT Professional Publishing
_c1996
300 _axxii, 206p. ; 24cm.
350 _a32
650 _aMANAGEMENT-DISPUTE AVOIDANCE, MANAGEMENT AND RESOLUTION-DISPUTE MANAGEMENT AND RESOLUTION-ARBITRATION
650 _aBUILT ENVIRONMENT-BUILDING CONTRACT FORMS
650 _aDISPUTE RESOLUTION
_96236
650 _aENGINEERING CONTRACTS
650 _aEXPERT WITNESS
_96239
650 _aICE
650 _aINTERIM PAYMENTS
690 _aMANAGEMENT-DISPUTE AVOIDANCE, MANAGEMENT AND RESOLUTION-DISPUTE MANAGEMENT AND RESOLUTION-ARBITRATION
690 _aBUILT ENVIRONMENT-BUILDING CONTRACT FORMS
942 _n0
948 _c04/03/1997
999 _c89014
_d89014